Rossii︠a︡ nakanune XXI veka, 1904-2004 : ot kollosa k kollapsu i obratno /

Saved in:
Bibliographic Details
Main Author: Bestuzhev-Lada, Igorʹ Vasilʹevich.
Format: Book
Language:Russian
Published: Moskva : Rossiĭskoe pedagog. agentstvo, 1997.
Subjects:
Tags: Add Tag
No Tags, Be the first to tag this record!
LEADER 00734nam a22002177a 4500
001 007724017-0
005 20020606104010.5
008 980303s1997 ru 00||||rus|d
020 |a 5868250516 
035 0 |a ocm38765549 
050 0 0 |a HN530.2.A8  |b B47 1997 
100 2 |a Bestuzhev-Lada, Igorʹ Vasilʹevich. 
245 1 0 |a Rossii︠a︡ nakanune XXI veka, 1904-2004 :  |b ot kollosa k kollapsu i obratno /  |c Igorʹ Bestuzhev-Lada. 
260 |a Moskva :  |b Rossiĭskoe pedagog. agentstvo,  |c 1997. 
300 |a 228 p. 
650 0 |a Post-communism  |z Russia (Federation) 
651 0 |a Russia (Federation)  |x History  |y 1991- 
651 0 |a Russia (Federation)  |x Forecasting. 
651 0 |a Russia (Federation)  |x Civilization. 
988 |a 20020608 
906 |0 MH